000 00849nam a2200253 i 4500
001 91231
003 ES-MaACL
005 20240501063043.0
007 t|
008 050128s1979 sp ||||1| spa d
100 1 _aLeopardi, Giacomo,
_d1798-1837
_971704
245 1 0 _aPoesía y prosa
_b: ; Diario del primer amor ; Canti (Bilingüe) ; Diálogos ; Pensamientos /
_cGiacomo Leopardi ; introducción, traducción y notas Antonio Colinas.
260 _a[Madrid] :
_bAlfaguara,
_c[1979]
300 _aLIV, 536 p. ;
_c22 cm.
490 1 _aClásicos Alfaguara
700 0 _aColinas, Antonio,
_d1946-
_939602
740 0 _aDiario del primer amor.
740 0 _aCanti.
740 0 _aDiálogos.
740 0 _aPensamientos.
830 0 _aClásicos Alfaguara
_9178833
852 _aES-MaACL
_jL-826
_bR.101583
999 _c91231
_d91231